00351nam a2200145 a 45000010005000000030009000050080041000140400028000550820017000831000022001002450021001222600036001433000010001796500016001891962CO-ViMGA141112s2004 ck r 000 u spa d aCO-ViMGAbspacCO-ViMGA04a891.73 L476l1 aLispetor, Clarice10aLazos de familia aBarcelona : bMontesmos, c1964 a146 p14aNOVELA RUSA